000 00446nam a2200169Ia 4500
005 20250326141644.0
008 250326s9999 xx 000 0 und d
037 _aTextbook
040 _aFMSL
_beng
_cFMSL
041 _aeng
_2eng
084 _qFMSL
245 0 _aCIMA Study pack : Management stage -2 paper 8
260 _aLondon
_bLondon, Ficial Trg. courses Ltd.
_c1988
300 _a445p
942 _cTB
999 _c1291342
_d1291342